000
00369nam a2200169Ia 4500
005
20251020182614.0
008
200515s9999 xx 000 0 und d
082
_a
SC/691.16/A81
110
_a
The Asphalt Institute
245
0
_a
Manual de asfalto
260
_a
Lima
260
_c
1965
300
_a
477
650
_a
ASFALTOS
650
_a
MANUALES
942
_c
LIB
999
_c
3442
_d
3442